书目信息 |
| 题名: |
微弱信号检测
|
|
| 作者: | 高普占 编著 | |
| 分册: | ||
| 出版信息: | 北京 清华大学出版社 2004.11 |
|
| 页数: | XIV,319页 | |
| 开本: | 25cm | |
| 丛书名: | 新编《信息、控制与系统》系列教材 | |
| 单 册: | ||
| 中图分类: | TN911.23-43 | |
| 科图分类: | ||
| 主题词: | 信号检测--xin hao jian ce--高等学校--教材 , 信号检测--xin hao jian ce | |
| 电子资源: | ||
| ISBN: | 7-302-09817-4 | |
| 000 | 01283cam2 2200313 450 | |
| 001 | 012005054850 | |
| 005 | 20051110101010.1 | |
| 010 | @a7-302-09817-4@dCNY35.00 | |
| 100 | @a20050716d2004 em y0chiy0121 ea | |
| 101 | 0 | @achi |
| 102 | @aCN@b110000 | |
| 105 | @af z 000yy | |
| 200 | 1 | @a微弱信号检测@Awei ruo xin hao jian ce@f高普占编著 |
| 210 | @a北京@c清华大学出版社@d2004.11 | |
| 215 | @aXIV,319页@c图@d25cm | |
| 225 | 2 | @a新编《信息、控制与系统》系列教材@Axin bian《 xin xi、 kong zhi yu xi tong》 xi lie jiao cai@f郑大钟主编 |
| 314 | @a高普占,副教授,清华大学工学博士。编著有《微弱信号检测》。 | |
| 320 | @a有书目(第318-319页) | |
| 330 | @a本书共分7章,主要内容有:微弱信号检测与随机噪声、放大器的噪声源和噪声特性、干扰噪声及其抑制、锁定放大、取样积分与数字式平均、相关检测、自适应噪声抵消。 | |
| 333 | @a阅读对象:自动化、电子工程、物理等专业的研究生和高年级本科生及相关专业工程技术人员 | |
| 461 | 0 | @12001 @a新编《信息、控制与系统》系列教材 |
| 510 | 1 | @aDetection of weak signals@zeng |
| 606 | 0 | @a信号检测@Axin hao jian ce@x高等学校@j教材 |
| 606 | 0 | @a信号检测@Axin hao jian ce |
| 690 | @aTN911.23-43@v4 | |
| 701 | 0 | @a高普占@Agao pu zhan@4编著 |
| 801 | 0 | @aCN@bSRXX@c20050309 |
| 801 | 2 | @aCN@bSRXX@c20051110 |
| 905 | @a10447@dTN911.23-43@eG160 | |
| 微弱信号检测/高普占编著.-北京:清华大学出版社,2004.11 |
| XIV,319页:图;25cm.-(新编《信息、控制与系统》系列教材/郑大钟主编) |
| 使用对象:阅读对象:自动化、电子工程、物理等专业的研究生和高年级本科生及相关专业工程技术人员 |
| ISBN 7-302-09817-4:CNY35.00 |
| 本书共分7章,主要内容有:微弱信号检测与随机噪声、放大器的噪声源和噪声特性、干扰噪声及其抑制、锁定放大、取样积分与数字式平均、相关检测、自适应噪声抵消。 |
| ● |
| 相关链接 |
|
|
|
正题名:微弱信号检测
索取号:TN911.23-43/G160
 
预约/预借
| 序号 | 登录号 | 条形码 | 馆藏地/架位号 | 状态 | 备注 |
| 1 | 544003 | 205440030 | 自科二线400A/400A自科库 1排2列6层/ [索取号:TN911.23-43/G160] | 在馆 | |
| 2 | 544004 | 205440049 | 自科二线400A/400A自科库 1排2列3层/ [索取号:TN911.23-43/G160] | 在馆 | |
| 3 | 544005 | 205440058 | 自科二线400A/400A自科库 3排1列4层/ [索取号:TN911.23-43/G160] | 在馆 |